PARADIME ÖLÜMCÜL BENZERLİK P5 6 (Record no. 1119940)

MARC details
000 -LEADER
sabit uzunluktaki kontrol alanı 00275nam a2200097Ia 4500
001 - KONTROL NUMARASI
kontrol alanı 1119940
005 - EN SON İŞLEMİN TARİH VE ZAMANI
kontrol alanı 20250827004614.0
008 - SABİT-UZUNLUKTA VERİ ÖĞELERİ--GENEL BİLGİ
sabit uzunluktaki kontrol alanı 250824s9999 xx 000 0 und d
245 #0 - ESER / YAZAR
ESER ADI PARADIME ÖLÜMCÜL BENZERLİK P5 6
Yazar Adı ALAN GLYNN
260 ## - YAYIN, DAĞITIM, VB.
YAYIN EVİ KÜLTÜR BAKANLIĞI YAYINCILIK
Holdings
Düşüm durumu Kayıp durumu Hasar Durumu Ödünç verilmez Ana kütüphane Geçerli Kütüphane Edinilen tarih Toplam ödünç verme sayısı Barkod Son görüntüleme tarihi Son ödünç verme tarihi Fiyatın geçerli olmaya başladığı tarih Koha materyal türü
        MEHMET ZAHİD KOTKU KIZ ANADOLU İMAM HATİP LİSESİ MEHMET ZAHİD KOTKU KIZ ANADOLU İMAM HATİP LİSESİ 24.08.2025 1 10933700 08.10.2025 01.10.2025 27.08.2025 Books